| 000 | 02823nmm a22004337a 4500 | ||
|---|---|---|---|
| 003 | CHAP | ||
| 005 | 20240611080359.0 | ||
| 007 | co ag aaaaa | ||
| 008 | 000411s1997 mx b d o 10 spa d | ||
| 010 | _a80806 | ||
| 011 | _a81778 | ||
| 020 | _a9701318110 | ||
| 035 | _a92258 | ||
| 040 | _cCHAP | ||
| 041 | _aspa | ||
| 090 | _aCD-32 | ||
| 110 |
_aInstituto Nacional de Estadística, Geografía e Informática. México _959304 |
||
| 245 | 0 |
_aCarta edafológica : _bcobertura nacional 1:1,000.00 serie 1 _c/por Instituto Nacional de Estadística, Geografía e Informática _h[disco compacto] |
|
| 260 |
_aMéxico, D.F. : _bInstituto Nacional de Estadística, Geografía e Informática, _c1997. |
||
| 300 |
_a1 disco compacto (CD) : _c4 3/4 plgs.(12 cm.) _bmapas. _e+ 1 Instructivo. |
||
| 336 |
_2rdacontent _aconjunto de datos cartográficos _bcrd |
||
| 337 |
_2rdamedia _aordenador _bc |
||
| 338 |
_2rdacarrier _adisco de computadora _bcd |
||
| 516 | _aNuméricos (Estadísticas, resumidas). | ||
| 520 | _aEn este disco compacto forma parte de la Serie I de la colección mencionada y contiene la Carta Edafológica Escala 1: 1 000 000 editada originalmente en 1981 y 1982. Para consultar información más actualizada, el usuario puede acudir a los Centros de información INEGI, ubicados en las 32 entidades federativas del país, en los domicilios que aparecen en este cuadernillo. En las imágenes de la Carta Edafológica Escala 1: 1 000 000, se muestra la distribución geográfica de las unidades de suelo más representativa, sus fases físicas y químicas y su clase textural. Las unidades de suelo se clasifican de acuerdo con el Sistema FAO/UNESCO de 1968 modificado por el INEGI´en 1970. | ||
| 538 | _aRequerimiento de Equipo : Computadora personal con procesador 80386 ó superior. Windows 3.1 ó superior. Paquete para edición de imágenes que acepte formato BMP (para las imágenes de inspección); en cuyo caso se requiere un espacio de trabajo en disco duro de 30 MB. Paquete para procesamiento de imágenes o sistema de información geográfica que acepte archivos TIFF comprimidos con el método LZW (para imágenes de resolución completa); en cuyo caso se requiere un espacio de trabajo en disco duro de 120 MB. 8Mb de memoria RAM. Unidad lectora de Disco Compacto (CD-ROM). Ratón. Monitor VGA. | ||
| 546 | _aTexto en español. | ||
| 590 |
_aBATCH-UPD _b10 _c20130110 |
||
| 590 |
_aBATCH-UPD _b10 _c20130410 |
||
| 590 |
_aBATCH-UPD _b10 _c20130914 |
||
| 590 |
_aCONVERSION _b10 _c20130109 |
||
| 650 | 1 | 4 |
_aSuelos _xClasificación _xMéxico. _9110254 |
| 650 | 1 | 4 |
_aSuelos _xMapas. _9110427 |
| 901 | _aBK | ||
| 905 | _aMayto Villalobos S. | ||
| 942 |
_cCD _2ddc |
||
| 949 |
_aCD-32 _bBC _cCD _d33724000757456 _eCD _fc.2 _i92258 _sb |
||
| 949 |
_aCD-32 _bBC _cCD _d33724000777710 _eCD _i92258 _sb |
||
| 999 |
_c80806 _d80806 |
||